Environment managers to strategic business leaders (Record no. 78610)
[ view plain ]
| 000 -LEADER | |
|---|---|
| fixed length control field | 00964cab a22001935a 4500 |
| 001 - CONTROL NUMBER | |
| control field | L137458 |
| 008 - FIXED-LENGTH DATA ELEMENTS--GENERAL INFORMATION | |
| fixed length control field | 070405s2007 xxkd f 000 0 eng d |
| 035 ## - SYSTEM CONTROL NUMBER | |
| System control number | (Sirsi) u137458 |
| 041 0# - LANGUAGE CODE | |
| Language code of text/sound track or separate title | eng |
| 100 1# - MAIN ENTRY--PERSONAL NAME | |
| Personal name | Suff, Paul |
| 245 00 - TITLE STATEMENT | |
| Title | Environment managers to strategic business leaders |
| 260 ## - PUBLICATION, DISTRIBUTION, ETC. | |
| Date of publication, distribution, etc. | 2007 |
| 490 ## - SERIES STATEMENT | |
| Series statement | Environment Information Bulletin |
| Volume/sequential designation | (167) April 2007, 9-12(4) |
| 520 ## - SUMMARY, ETC. | |
| Summary, etc. | States that the environment has become an increasingly strategic issue for many organisations and that the role of environment managers will have to change to meet this. Suggests that the environment will no longer be tagged on to a manager?s other duties and that they will have to balance their traditional responsibilities of dealing with direct environmental impacts with those of helping to deliver a more sustainable future. |
| 590 ## - LOCAL NOTE (RLIN) | |
| Local note | KA |
| 651 #4 - SUBJECT ADDED ENTRY--GEOGRAPHIC NAME | |
| Geographic name | United Kingdom |
| Chronological subdivision | |
| 690 ## - LOCAL SUBJECT ADDED ENTRY--TOPICAL TERM (OCLC, RLIN) | |
| Topical term or geographic name as entry element | ENVIRONMENTAL AND LAND CONSULTANCY-ENVIRONMENTAL MANAGEMENT |
| 942 ## - ADDED ENTRY ELEMENTS (KOHA) | |
| Suppress in OPAC | 0 |
| Withdrawn status | Lost status | Source of classification or shelving scheme | Damaged status | Not for loan | Home library | Current library | Shelving location | Date acquired | Total Checkouts | Full call number | Barcode | Date last seen | Copy number | Price effective from | Koha item type |
|---|---|---|---|---|---|---|---|---|---|---|---|---|---|---|---|
| Dewey Decimal Classification | London | London | Journal article | 05/04/2007 | L137458 | 137458-1001 | 06/08/2019 | 1 | 06/08/2019 | Journal article |